Statistiques concernant Films mal décrits #3

Cliquez ici pour prendre le quiz!

Statistiques générales

  • Ce quiz a été pris 9 871 fois
  • Le résultat moyen est 7 sur 15

Statistiques - réponses

Synopsis bancalFilm% Correct
Un homme qui aurait pu avoir une vie complètement nulle s'il s'était fait mordre par un phasme ou un koalaSpider-Man
82%
Un film traumatisant pour les surfeurs, moins pour les montagnardsLes Dents de la mer
81%
Un homme fait équipe avec des extraterrestres, un animal et un arbre pour sauver le mondeLes Gardiens de la galaxie
80%
Un fou monte un club de boxe, et ça dégénèreFight Club
79%
Beaucoup de perses et peu de grecs se foutent sur la gueule à coups de hurlements et de testostérone300
70%
Une fillette se met à uriner et vomir n'importe où puis se fait aider par un prêtre psychanalysteL'Exorciste
60%
Un tueur à gages recrute un esclave pour devenir le duo le plus stylé de l'OuestDjango Unchained
48%
Un enfant qui pense avoir tué son père s'exile et rencontre 2 végétariens dont un dégueulasseLe Roi Lion
34%
3 histoires hollywoodiennes en un seul film, dont la pochette est presque plus connue que le film lui-mêmePulp Fiction
29%
Des nains chantent la mort d'enfants et on trouve ça normalCharlie et la Chocolaterie
27%
Un groupe de scientifiques jouent avec l'espace-temps. Spoiler : c'est pas ouf-ouf de faire çaInterstellar
23%
Un fou super intelligent qui bouffe n'importe quoi aide un enquêteur à arrêter un tueur en sérieLe Silence des agneaux
17%
Une femme de ménage se rend à une grosse soirée et son plan cul essaye de la retrouverCendrillon
16%
Un vétéran américain devait aider le gouvernement japonais, mais décide de rejoindre les rebelles parce qu'il fallait bien un scénario nom d'une pipeLe Dernier Samouraï
13%
Un fou se prend pour Sherlock Holmes, et ça dégénèreShutter Island
13%

Distribution des résultats

Percentile par nombre de réponses

% des personnes avec chaque résultat

Votre développement - résultats

Vous n’avez pas pris ce quiz